|
|
|
|
| LEADER |
00000nas a2200000 a 4500 |
| 001 |
ssj0000397942 |
| 003 |
WaSeSS |
| 005 |
20200512172242.0 |
| 006 |
m d |
| 007 |
cr n |
| 008 |
820217c19809999bl fr p s go 0 b0por |
| 010 |
|
|
|a 82640919
|
| 022 |
|
|
|a 2177-7055
|l 0101-9562
|y 0101-9562
|
| 035 |
|
|
|a (WaSeSS)ssj0000397942
|
| 040 |
|
|
|a DLC
|b eng
|c DLC
|d DLC
|d OCLCQ
|d DLC
|d OCLCQ
|d CUS
|d OCLCF
|d CUS
|d OCLCO
|d OCLCA
|d OCLCQ
|d RDF
|d WaSeSS
|
| 042 |
|
|
|a pcc
|
| 043 |
|
|
|a s-bl---
|
| 050 |
0 |
0 |
|a K23
|b .E64
|
| 082 |
0 |
|
|a 340/.05
|
| 130 |
0 |
|
|a Seqüência (Florianópolis, Brazil)
|
| 245 |
1 |
0 |
|a Seqüência
|h [electronic resource].
|
| 260 |
|
|
|a Florianópolis :
|b Curso de Pós-Graduação em Direito da UFSC,
|c 1980-
|
| 310 |
|
|
|a Semiannual
|
| 506 |
|
|
|a License restrictions may limit access.
|
| 588 |
|
|
|a Description based on: Ano 1, no. 2 (2o. semestre 1980).
|
| 650 |
|
0 |
|a Law
|z Brazil
|v Periodicals.
|
| 650 |
|
7 |
|a Law.
|2 fast
|0 (OCoLC)fst00993678
|
| 651 |
|
7 |
|a Brazil.
|2 fast
|0 (OCoLC)fst01206830
|
| 655 |
|
0 |
|a Electronic journals.
|
| 710 |
2 |
|
|a Universidade Federal de Santa Catarina.
|b Curso de Pós-Graduação em Direito.
|
| 850 |
|
|
|a DLC
|
| 856 |
4 |
0 |
|z Full text available from Research Library: 12/01/1980 to present
|u https://search.proquest.com/publication/1796400
|